Love and work : the value system of psychoanalysis /

Bibliographic Details
Main Author: Fine, Reuben, 1914-1993
Format: Book
Language:English
Published: New York : Continuum, 1990.
Subjects:

MARC

Tag First Indicator Second Indicator Subfields
LEADER 00000cam a2200000 a 4500
001 in00000972760
005 20150927111223.0
008 900209s1990 nyu b 00110 eng
010 |a  90032642  
020 |a 0826404820 :  |c $24.95 
035 |a (OCoLC)21197122 
035 |9 AEW0794AM 
040 |a DLC  |c DLC  |d TXA  |d UtOrBLW 
049 |a TXAM 
050 0 0 |a BF575.L8  |b F515 1990 
082 0 0 |a 150.19/5  |2 20 
100 1 |a Fine, Reuben,  |d 1914-1993. 
245 1 0 |a Love and work :  |b the value system of psychoanalysis /  |c Reuben Fine. 
264 1 |a New York :  |b Continuum,  |c 1990. 
300 |a 336 pages ;  |c 24 cm. 
336 |a text  |b txt  |2 rdacontent 
337 |a unmediated  |b n  |2 rdamedia 
338 |a volume  |b nc  |2 rdacarrier 
504 |a Includes bibliographical references (pages 321-328) and index. 
650 0 |a Love. 
650 0 |a Psychoanalysis. 
650 0 |a Work  |x Psychological aspects. 
999 |a MARS 
999 f f |s 50b0ce2a-bdf8-3b7a-952d-719d783690b9  |i ebe7475f-ed9b-39c5-a551-0d046fdb78a2  |t 0 
952 f f |p ric  |a Texas A&M University  |b Rellis Campus  |c Joint Library Facility  |d Remote Storage  |t 0  |e BF575.L8 F515 1990  |h Library of Congress classification  |i unmediated -- volume  |m A14813485630 
998 f f |a BF575.L8 F515 1990  |t 0  |l Remote Storage